01055nam a2200241Ia 4500001000600000003000900006008004100015040001300056040001300069041001300082100001900095100002900114245003900143245003900182250001100221260001100232260002300243260004900266300004300315500039500358650002900753650003100782 9762IT-RoPAU130308s9999 xx 000 0 und d aIT-RoPAU cIT-RoPAU aITALIANO aCeccato Silvio gCodice Aut. SPICS: 8236 aMente vista da un cibernetico (La) bMente Vista da un cibernetico (La) a1a ed. aTORINO bERI - Edizioni Rai c1972 [1° Ed.:1972 - Ed.Ling.Originale:1972] a"176 p. (prefazione: no ; testo: 176)" aCibernetica e Didattica cibernetica e Operazionismi breve Storia dell'Errore Filosofico conseguenze dell'Errore e tentativi di Superarlo Quadro Operativo della Mente Attenzione e Categorie Mentali Memoria pensiero Linguaggioatteggiamenti e Valori Atteggiamento Scientifico Atteggiamento Estetico Atteggiamento Etico Altri Atteggiamenti meccanizzazione delle Attività Linguistiche Modelli aTEORIA DELLA CIBERNETICA eCodice materia Spics: 4102